000 00215nam a2200097Ia 4500
008 190216s9999||||xx |||||||||||||| ||und||
100 _aGovinda Rajalu
245 0 _aTenniea
260 _bBhasha Institute
942 _cBK
999 _c40435
_d40435